000 00684cab a22002055a 4500
001 L158361
008 150116e2014 xxk 000 0 eng d
035 _a(Sirsi) u158361
041 0 _aeng
100 1 _aGardiner, Joey
245 0 0 _aCalling time on the coalition
490 _aBuilding
_v280(8854) 12 December 2014, 25(1)
520 _aAn investigation into how successfully the promises made by the coalition government have been seen through.
590 _aKA
650 2 4 _aPlanning
_9418
651 4 _aUnited Kingdom
_y
690 _aPROPERTY-RESIDENTIAL PROPERTY-RESIDENTIAL PROPERTY DEVELOPMENT
700 1 _aPitt, Vern; Blackman, David; Richardson, Sarah
942 _n0
999 _c84572
_d84572